Estonia 2016

Gespeichert in:
Bibliographische Detailangaben
1. Verfasser: Santiago, Paulo
Format: Buch
Sprache:Englisch
Veröffentlicht: Paris OECD 2016
Schriftenreihe:OECD reviews of school resources
Schlagworte:
Tags: Tag hinzufügen
Keine Tags, Fügen Sie das erste Tag hinzu!

MARC

LEADER 00000nam a2200000 4500
001 0219439
005 20240314122916.3
020 |a 978-92-64-25168-7 
041 0 |a eng 
044 |a FR 
245 1 0 |a Estonia 2016  |c Paulo Santiago ... [et al.] 
264 1 |a Paris  |b OECD  |c 2016 
300 |a 228 s. 
490 1 |a OECD reviews of school resources 
830 0 |a OECD reviews of school resources 
610 2 0 |a školstvo 
610 2 0 |a vzdelávanie 
610 2 0 |a kvalita vzdelávania 
610 2 0 |a podpora vzdelávania 
610 2 0 |a riadenie 
610 2 0 |a financovanie 
610 2 0 |a študenti 
610 2 0 |a učitelia 
610 2 0 |a jazyky cudzie 
610 2 0 |a porovnanie štatistické medzinárodné 
610 2 0 |a Litva 
100 1 |a Santiago, Paulo